Statistics for Kiribati Country Quiz

Click here to take the quiz!

General Stats

  • This quiz has been taken 70 times
  • The average score is 8 of 20

Answer Stats

HintAnswer% Correct
Official languagesEnglish
82%
Atoll that comprises the most populated island of the countryTarawa
80%
Invasor country during WWIIJapan
73%
Capital citySouth Tarawa
71%
Name as British ColonyGilbert and Ellice Islands
64%
CurrencyDollar
60%
Oceanian subregion where the country liesMicronesia
53%
Country that was also part of the above colonyTuvalu
49%
Official languagesGilbertese
40%
Phenomenon that will cause the desapartion of the countryGlobal warming
38%
President (1994-2003) that made the UN aware of the environmetal issues of the country (Hint: not a Yugoslavian dictator)Teburoro Tito
36%
Largest island of the country (not an Australian Territory)Kiritimati or Christmas Island
33%
Chemical substance that was the main resource of the islands until 1979Phosphate
29%
Bird in its flagFrigatebird
24%
Time zone where the part of the country lies (that makes them the first to celebrate New Year)UTC+14:00
22%
Sport in which they won a medal in the Commonwealth GamesWeightlifting
20%
Current leading exportCopra
16%
As a consequence of ^, Caroline Islands was renamed in 2000 as...Millennium Island
13%
Teresia Teaiwa is the country's most famous...Poet
11%
Nabakai, Nakara, Ruabou, Tabiang, Taborara are types of local...Martial arts
2%

Score Distribution

Percentile by Number Answered

Percent of People with Each Score

Your Score History

You have not taken this quiz